|
|
|
|
| LEADER |
00000naa2a2200000 4500 |
| 001 |
386394 |
| 005 |
20231101063455.0 |
| 035 |
|
|
|a (RuTPU)RU\TPU\prd\15131
|
| 090 |
|
|
|a 386394
|
| 100 |
|
|
|a 20030616a2003 k y0rusy50 ca
|
| 101 |
0 |
|
|a rus
|
| 102 |
|
|
|a RU
|
| 200 |
1 |
|
|a Петрофизическое изучение продуктивных коллекторов
|f А. Б. Баишев, В. В. Кузнецов, Б. К. Габсия
|
| 225 |
1 |
|
|a Повышение нефтеотдачи пластов
|
| 320 |
|
|
|a Библиогр.: 7 назв.
|
| 461 |
|
1 |
|0 (RuTPU)RU\TPU\prd\1638
|x 0028-2448
|t Нефтяное хозяйство
|o научно-технический производственный журнал
|d 1925-1940, 1946-
|
| 463 |
|
1 |
|0 (RuTPU)RU\TPU\prd\15057
|t № 4
|v С. 69-70
|d 2003
|
| 610 |
1 |
|
|a петрофизическое изучение
|
| 610 |
1 |
|
|a продуктивные коллекторы
|
| 610 |
1 |
|
|a нефть
|
| 610 |
1 |
|
|a газ
|
| 675 |
|
|
|a 622.279.031:53
|v 3
|
| 700 |
|
1 |
|a Баишев
|b А. Б.
|
| 701 |
|
1 |
|a Кузнецов
|b В. В.
|
| 701 |
|
1 |
|a Габсия
|b Б. К.
|
| 801 |
|
1 |
|a RU
|b 63413507
|c 20030616
|g PSBO
|
| 801 |
|
2 |
|a RU
|b 63413507
|c 20131025
|g RCR
|
| 942 |
|
|
|c BK
|